[Event "DEM U14 2018"]
[Site "Willingen GER"]
[Date "2018.05.20"]
[Round "1"]
[White "Weihrauch, Jakob"]
[Black "Simukov, Erik"]
[Result "1-0"]
[Termination "normal"]
[Board "11"]
[WhiteElo "2136"]
[BlackElo "1750"]
[WhiteClock "00:28:00"]
[BlackClock "00:02:38"]
[PlyCount "69"]
[WhiteFideId "16210115"]
[BlackFideId "12995380"]
[EventCountry "GER"]
[EventRounds "9"]
[EventType "swiss"]
[EventDate "2018.05.19"]

1. e4 {[%clk 1:30:56]} 1... e5 {[%clk 1:30:50]} 2. Nf3 {[%clk 1:31:18]} 2...
Nc6 {[%clk 1:31:11]} 3. Bb5 {[%clk 1:31:37]} 3... a6 {[%clk 1:31:25]} 4. Ba4 {
[%clk 1:32:00]} 4... Nf6 {[%clk 1:31:28]} 5. O-O {[%clk 1:32:20]} 5... Be7 {
[%clk 1:31:29]} 6. Re1 {[%clk 1:32:27]} 6... b5 {[%clk 1:31:39]} 7. Bb3 { [%clk
1:32:53]} 7... d6 {[%clk 1:31:52]} 8. c3 {[%clk 1:33:07]} 8... O-O { [%clk
1:31:26]} 9. h3 {[%clk 1:33:15]} 9... Na5 {[%clk 1:31:04]} 10. Bc2 { [%clk
1:33:04]} 10... c5 {[%clk 1:31:06]} 11. d4 {[%clk 1:33:27]} 11... Qc7 { [%clk
1:30:34]} 12. Nbd2 {[%clk 1:33:31]} 12... cxd4 {[%clk 1:30:08]} 13. cxd4 {[%clk
1:33:52]} 13... Nc6 {[%clk 1:29:55]} 14. Nb3 {[%clk 1:33:53]} 14... a5 { [%clk
1:29:15]} 15. Be3 {[%clk 1:34:08]} 15... a4 {[%clk 1:28:07]} 16. Nbd2 { [%clk
1:34:22]} 16... Bd7 {[%clk 1:24:34]} 17. Rc1 {[%clk 1:33:07]} 17... Qb7 { [%clk
1:16:23]} 18. Qe2 {[%clk 1:32:46]} 18... Rac8 {[%clk 0:42:41]} 19. Bd3 { [%clk
1:28:36]} 19... Qb8 {[%clk 0:41:32]} 20. Nf1 {[%clk 1:16:20]} 20... Nb4 { [%clk
0:34:36]} 21. Bb1 {[%clk 1:15:33]} 21... h6 {[%clk 0:32:20]} 22. Ng3 { [%clk
1:09:58]} 22... Rfe8 {[%clk 0:17:23]} 23. Qd2 {[%clk 1:06:23]} 23... Na6 {[%clk
0:15:21]} 24. a3 {[%clk 0:57:13]} 24... Bf8 {[%clk 0:13:44]} 25. dxe5 { [%clk
0:53:44]} 25... dxe5 {[%clk 0:13:59]} 26. Nh5 {[%clk 0:52:05]} 26... Nxh5
{[%clk 0:10:34]} 27. Qxd7 {[%clk 0:52:23]} 27... Bc5 {[%clk 0:10:30]} 28. Ba2 {
[%clk 0:46:54]} 28... Re7 {[%clk 0:08:24]} 29. Qf5 {[%clk 0:41:24]} 29... Nf4 {
[%clk 0:05:10]} 30. Nxe5 {[%clk 0:39:19]} 30... Rxe5 {[%clk 0:05:24]} 31. Qxf7+
{[%clk 0:37:23]} 31... Kh7 {[%clk 0:05:25]} 32. Qxf4 {[%clk 0:31:37]} 32... Rf8
{[%clk 0:04:01]} 33. Qg3 {[%clk 0:29:45]} 33... Qe8 {[%clk 0:02:35]} 34. f4 {
[%clk 0:27:48]} 34... Rxe4 {[%clk 0:02:38]} 35. Bb1 {[%clk 0:28:00]} 1-0

[Event "DEM U14 2018"]
[Site "Willingen GER"]
[Date "2018.05.20"]
[Round "1"]
[White "Hoffmann, Simon"]
[Black "Dahl, Christoph"]
[Result "1/2-1/2"]
[Termination "normal"]
[Board "12"]
[WhiteElo "1760"]
[BlackElo "1965"]
[WhiteClock "00:24:29"]
[BlackClock "00:32:25"]
[PlyCount "131"]
[WhiteFideId "12979686"]
[BlackFideId "16240235"]
[EventCountry "GER"]
[EventRounds "9"]
[EventType "swiss"]
[EventDate "2018.05.19"]

1. e4 {[%clk 1:30:57]} 1... e5 {[%clk 1:30:48]} 2. Nf3 {[%clk 1:31:16]} 2...
Nc6 {[%clk 1:30:56]} 3. Bc4 {[%clk 1:31:34]} 3... Nf6 {[%clk 1:30:47]} 4. d3 {
[%clk 1:31:44]} 4... Be7 {[%clk 1:30:47]} 5. O-O {[%clk 1:31:55]} 5... O-O {
[%clk 1:30:48]} 6. Bb3 {[%clk 1:32:09]} 6... d6 {[%clk 1:30:43]} 7. h3 { [%clk
1:32:22]} 7... Be6 {[%clk 1:30:20]} 8. c3 {[%clk 1:31:34]} 8... Bxb3 { [%clk
1:28:28]} 9. axb3 {[%clk 1:31:47]} 9... Nd7 {[%clk 1:26:52]} 10. Re1 { [%clk
1:29:06]} 10... f5 {[%clk 1:25:22]} 11. exf5 {[%clk 1:26:22]} 11... Rxf5 {[%clk
1:25:31]} 12. Nbd2 12... d5 {[%clk 1:23:33]} 13. Nf1 {[%clk 1:24:07]} 13... Rf7
{[%clk 1:19:30]} 14. b4 {[%clk 1:22:03]} 14... a6 {[%clk 1:12:25]} 15. Qb3
{[%clk 1:16:51]} 15... d4 {[%clk 1:06:40]} 16. b5 {[%clk 1:08:07]} 16... axb5
{[%clk 1:06:43]} 17. Rxa8 {[%clk 1:08:30]} 17... Qxa8 { [%clk 1:06:47]} 18.
cxd4 {[%clk 1:07:21]} 18... Nxd4 {[%clk 1:05:30]} 19. Nxd4 {[%clk 1:07:30]}
19... Nc5 {[%clk 1:05:33]} 20. Qxb5 {[%clk 1:00:23]} 20... exd4 {[%clk
1:00:46]} 21. Bg5 {[%clk 0:56:08]} 21... c6 {[%clk 0:53:19]} 22. Qc4 {[%clk
0:53:45]} 22... Bxg5 {[%clk 0:52:35]} 23. Qxc5 {[%clk 0:50:46]} 23... Qd8
{[%clk 0:50:23]} 24. Ng3 {[%clk 0:45:27]} 24... Be7 {[%clk 0:46:28]} 25. Qc4
{[%clk 0:44:01]} 25... g6 {[%clk 0:38:31]} 26. Ne4 {[%clk 0:37:37]} 26... Qa5
{[%clk 0:38:31]} 27. Re2 {[%clk 0:37:37]} 27... Qe5 {[%clk 0:38:31]} 28. Ng3
{[%clk 0:37:37]} 28... Qc5 {[%clk 0:38:31]} 29. Qxc5 {[%clk 0:37:37]} 29...
Bxc5 {[%clk 0:38:31]} 30. Re8+ {[%clk 0:37:37]} 30... Rf8 {[%clk 0:38:31] } 31.
Rxf8+ {[%clk 0:37:37]} 31... Kxf8 {[%clk 0:38:31]} 32. Ne4 { [%clk 0:37:37]}
32... Be7 {[%clk 0:38:31]} 33. Ng3 {[%clk 0:19:33]} 33... Bc5 { [%clk 0:19:53]}
34. Ne4 {[%clk 0:19:49]} 34... Be7 {[%clk 0:20:07]} 35. Kf1 { [%clk 0:20:05]}
35... Kf7 {[%clk 0:20:22]} 36. Ke2 {[%clk 0:19:14]} 36... b5 { [%clk 0:20:01]}
37. Kf3 {[%clk 0:15:53]} 37... c5 {[%clk 0:19:58]} 38. Nd2 { [%clk 0:15:05]}
38... Ke6 {[%clk 0:19:23]} 39. Ke4 {[%clk 0:15:09]} 39... Kd6 { [%clk 0:18:14]}
40. Nf3 {[%clk 0:14:09]} 40... Bf6 {[%clk 0:17:23]} 41. b3 { [%clk 0:13:48]}
41... Ke6 {[%clk 0:15:31]} 42. h4 {[%clk 0:12:06]} 42... h6 { [%clk 0:15:16]}
43. g4 h5 44. g5 {[%clk 0:09:40]} 44... Bg7 {[%clk 0:08:42]} 45. Ng1 {[%clk
0:07:26]} 45... Be5 {[%clk 0:06:14]} 46. f4 {[%clk 0:06:20]} 46... Bd6 {[%clk
0:04:18]} 47. Ne2 {[%clk 0:06:09]} 47... Bf8 {[%clk 0:02:42]} 48. Ng3 {[%clk
0:06:18]} 48... Bd6 {[%clk 0:01:52]} 49. f5+ {[%clk 0:05:42]} 49... Ke7 {[%clk
0:02:17]} 50. Ne2 {[%clk 0:01:57]} 50... gxf5+ {[%clk 0:01:25] } 51. Kxf5
{[%clk 0:02:07]} 51... c4 {[%clk 0:01:43]} 52. bxc4 {[%clk 0:01:51]} 52... bxc4
{[%clk 0:02:04]} 53. dxc4 {[%clk 0:01:31]} 53... d3 {[%clk 0:02:26]} 54. Nc3
{[%clk 0:01:39]} 54... Bg3 {[%clk 0:01:31]} 55. g6 {[%clk 0:00:43]} 55... Bxh4
{[%clk 0:01:46]} 56. c5 {[%clk 0:00:37]} 56... d2 {[%clk 0:01:45]} 57. Nd1
{[%clk 0:28:44]} 57... Bg3 {[%clk 0:31:23]} 58. c6 {[%clk 0:28:27]} 58... h4
{[%clk 0:31:24]} 59. Kg4 {[%clk 0:24:25]} 59... Kf6 {[%clk 0:31:30]} 60. c7
{[%clk 0:24:48]} 60... Bxc7 {[%clk 0:31:56]} 61. Kxh4 {[%clk 0:25:10]} 61...
Kxg6 {[%clk 0:32:13]} 62. Kg4 {[%clk 0:25:17]} 62... Kf6 {[%clk 0:31:48]} 63.
Kf3 {[%clk 0:24:26]} 63... Ke5 {[%clk 0:31:43]} 64. Ke2 {[%clk 0:23:59]} 64...
Ba5 {[%clk 0:32:07]} 65. Ne3 {[%clk 0:24:10]} 65... Kd4 {[%clk 0:32:25]} 66.
Nf1 {[%clk 0:24:29]} 1/2-1/2

[Event "DEM U14 2018"]
[Site "Willingen GER"]
[Date "2018.05.20"]
[Round "1"]
[White "Wu, Leon"]
[Black "Kirchner, Markus"]
[Result "1-0"]
[Termination "normal"]
[Board "13"]
[WhiteElo "2022"]
[BlackElo "1851"]
[WhiteClock "00:14:28"]
[BlackClock "00:47:22"]
[PlyCount "57"]
[WhiteFideId "12977438"]
[BlackFideId "12979163"]
[EventCountry "GER"]
[EventRounds "9"]
[EventType "swiss"]
[EventDate "2018.05.19"]

1. e4 e6 2. d4 d5 3. Nc3 Nf6 4. e5 Nfd7 5. f4 c5 6. Nf3 Be7 7. Be3 b6 8. Bd3
O-O 9. h4 f6 10. Ng5 fxg5 11. Qh5 Rf5 12. hxg5 Nf8 13. Bxf5 exf5 14. g6 hxg6
15. Qh8+ Kf7 16. Rd1 Bb7 17. Qh3 Qd7 18. dxc5 bxc5 19. Nxd5 Bxd5 20. c4 Bxg2
21. Qxg2 Qc6 22. Qd5+ Ne6 23. Rh8 Bf8 24. Rd3 Ke7 25. Rb3 Qxd5 26. cxd5 Nd4 27.
Rb7+ Ke8 28. Bxd4 cxd4 29. e6 1-0

[Event "DEM U14 2018"]
[Site "Willingen GER"]
[Date "2018.05.20"]
[Round "1"]
[White "Kamp, Adrian"]
[Black "Sulayev, Daniel"]
[Result "1/2-1/2"]
[Termination "normal"]
[Board "14"]
[WhiteElo "1827"]
[BlackElo "2054"]
[WhiteClock "00:12:10"]
[BlackClock "00:23:53"]
[PlyCount "92"]
[WhiteFideId "16222466"]
[BlackFideId "12977675"]
[EventCountry "GER"]
[EventRounds "9"]
[EventType "swiss"]
[EventDate "2018.05.19"]

1. e4 {[%clk 1:30:56]} 1... d6 {[%clk 1:30:57]} 2. d4 {[%clk 1:31:06]} 2... g6
{[%clk 1:31:22]} 3. f4 {[%clk 1:30:28]} 3... Bg7 {[%clk 1:31:46]} 4. Nc3 {
[%clk 1:27:06]} 4... a6 {[%clk 1:32:11]} 5. Nf3 {[%clk 1:21:23]} 5... b5 {
[%clk 1:32:30]} 6. Be3 {[%clk 1:16:58]} 6... Bb7 {[%clk 1:29:43]} 7. e5 { [%clk
1:10:52]} 7... Nd7 {[%clk 1:28:29]} 8. Bd3 {[%clk 1:09:41]} 8... c5 { [%clk
1:28:00]} 9. Be4 {[%clk 1:05:48]} 9... Qc8 {[%clk 1:08:30]} 10. O-O { [%clk
0:40:31]} 10... b4 {[%clk 1:08:16]} 11. Bxb7 {[%clk 0:40:38]} 11... Qxb7 {[%clk
1:08:36]} 12. Ne2 {[%clk 0:34:33]} 12... Nh6 {[%clk 1:03:14]} 13. e6 { [%clk
0:25:54]} 13... fxe6 {[%clk 1:02:00]} 14. Ng5 {[%clk 0:25:57]} 14... Nf5 {[%clk
0:57:10]} 15. Bf2 {[%clk 0:24:42]} 15... Qd5 {[%clk 0:54:13]} 16. c4 { [%clk
0:20:08]} 16... Qxc4 {[%clk 0:52:28]} 17. Rc1 {[%clk 0:19:53]} 17... Qd5 {[%clk
0:47:06]} 18. dxc5 {[%clk 0:19:23]} 18... Nxc5 {[%clk 0:46:52]} 19. Qxd5 {[%clk
0:17:52]} 19... exd5 {[%clk 0:47:21]} 20. Bxc5 {[%clk 0:18:12]} 20... dxc5
{[%clk 0:47:43]} 21. Rxc5 {[%clk 0:17:44]} 21... Nd4 {[%clk 0:47:33]} 22. Kf2
{[%clk 0:18:03]} 22... h6 {[%clk 0:46:29]} 23. Nf3 {[%clk 0:17:42]} 23... Nxf3
{[%clk 0:46:07]} 24. Kxf3 {[%clk 0:18:01]} 24... e6 {[%clk 0:46:18]} 25. Rc7
{[%clk 0:15:54]} 25... O-O {[%clk 0:45:30]} 26. Rfc1 {[%clk 0:14:01]} 26... e5
{[%clk 0:41:02]} 27. R1c6 {[%clk 0:12:31]} 27... g5 {[%clk 0:38:53]} 28. g3
{[%clk 0:10:04]} 28... gxf4 {[%clk 0:35:54]} 29. gxf4 {[%clk 0:10:20]} 29...
Kh7 {[%clk 0:31:20]} 30. Kg4 {[%clk 0:07:13]} 30... Rae8 {[%clk 0:23:22]} 31.
f5 {[%clk 0:05:01]} 31... Kh8 {[%clk 0:22:56]} 32. Rg6 {[%clk 0:03:59]} 32...
Rg8 {[%clk 0:22:30]} 33. Kh5 {[%clk 0:03:33]} 33... Bf8 {[%clk 0:22:24]} 34.
Rxg8+ {[%clk 0:03:11]} 34... Kxg8 {[%clk 0:22:53]} 35. Kg6 {[%clk 0:03:30]}
35... Re7 {[%clk 0:22:44]} 36. Rxe7 {[%clk 0:02:53]} 36... Bxe7 {[%clk 0:23:13]
} 37. f6 {[%clk 0:02:52]} 37... Bd6 {[%clk 0:22:54]} 38. f7+ {[%clk 0:02:19]}
38... Kf8 {[%clk 0:23:21]} 39. Kf6 {[%clk 0:02:39]} 39... d4 {[%clk 0:23:18]}
40. Ng3 {[%clk 0:02:28]} 40... d3 {[%clk 0:19:22]} 41. Ne4 {[%clk 0:01:45]}
41... b3 {[%clk 0:19:05]} 42. a3 {[%clk 0:01:04]} 42... a5 {[%clk 0:16:40]} 43.
h4 {[%clk 0:20:35]} 43... Be7+ {[%clk 0:45:24]} 44. Ke6 {[%clk 0:20:56]} 44...
h5 {[%clk 0:39:13]} 45. Nd2 {[%clk 0:11:49]} 45... Bxh4 {[%clk 0:37:21]} 46.
Nf3 {[%clk 0:12:10]} 46... d2 {[%clk 0:23:53]} 1/2-1/2

[Event "DEM U14 2018"]
[Site "Willingen GER"]
[Date "2018.05.20"]
[Round "1"]
[White "Kotyk, Michael"]
[Black "Sperling, Niclas"]
[Result "1-0"]
[Termination "normal"]
[Board "15"]
[WhiteElo "2064"]
[BlackElo "1548"]
[WhiteClock "01:07:22"]
[BlackClock "00:22:31"]
[PlyCount "71"]
[WhiteFideId "16214501"]
[BlackFideId "16204000"]
[EventCountry "GER"]
[EventRounds "9"]
[EventType "swiss"]
[EventDate "2018.05.19"]

1. d4 {[%clk 1:30:55]} 1... d5 {[%clk 1:30:55]} 2. c4 {[%clk 1:31:21]} 2... e6
{[%clk 1:31:18]} 3. Nc3 {[%clk 1:31:33]} 3... Nf6 {[%clk 1:30:38]} 4. cxd5 {
[%clk 1:31:44]} 4... exd5 {[%clk 1:25:27]} 5. Bg5 {[%clk 1:31:17]} 5... Be7 {
[%clk 1:24:57]} 6. e3 {[%clk 1:31:28]} 6... Nbd7 {[%clk 1:23:33]} 7. Bd3 {
[%clk 1:29:49]} 7... O-O {[%clk 1:21:42]} 8. Qc2 {[%clk 1:29:55]} 8... h6 {
[%clk 1:21:26]} 9. Bf4 {[%clk 1:29:42]} 9... c6 {[%clk 1:19:14]} 10. h3 { [%clk
1:29:45]} 10... Re8 {[%clk 1:16:43]} 11. Nf3 {[%clk 1:30:03]} 11... Nf8 { [%clk
1:12:09]} 12. O-O-O {[%clk 1:28:42]} 12... b5 {[%clk 1:08:01]} 13. Ne5 { [%clk
1:27:40]} 13... Bb7 {[%clk 1:04:41]} 14. g4 {[%clk 1:27:51]} 14... N6d7 { [%clk
1:03:17]} 15. Rdg1 {[%clk 1:24:22]} 15... Nxe5 {[%clk 1:00:29]} 16. Bxe5 {[%clk
1:22:13]} 16... Bh4 {[%clk 0:58:09]} 17. Bg3 {[%clk 1:21:42]} 17... a6 { [%clk
0:56:51]} 18. Kb1 {[%clk 1:20:36]} 18... Qe7 {[%clk 0:48:06]} 19. Ne2 { [%clk
1:20:16]} 19... Rac8 {[%clk 0:45:19]} 20. Bxh4 {[%clk 1:19:59]} 20... Qxh4
{[%clk 0:45:23]} 21. Ng3 {[%clk 1:20:26]} 21... g6 {[%clk 0:44:06]} 22. Qd2
{[%clk 1:07:30]} 22... Re6 {[%clk 0:40:08]} 23. Nf5 {[%clk 1:07:37]} 23... Qf6
{[%clk 0:36:26]} 24. Nxh6+ {[%clk 1:07:59]} 24... Kh7 {[%clk 0:36:05]} 25. f4
{[%clk 1:08:07]} 25... Rce8 {[%clk 0:34:38]} 26. g5 {[%clk 1:08:23]} 26... Qe7
{[%clk 0:32:05]} 27. Ng4 {[%clk 1:08:49]} 27... Nd7 {[%clk 0:31:34]} 28. h4
{[%clk 1:09:14]} 28... c5 {[%clk 0:29:42]} 29. f5 {[%clk 1:07:54]} 29... Rc6 {
[%clk 0:28:33]} 30. h5 {[%clk 1:08:01]} 30... Kg8 {[%clk 0:26:46]} 31. hxg6 {
[%clk 1:07:29]} 31... fxg6 {[%clk 0:26:46]} 32. Nh6+ {[%clk 1:07:04]} 32... Kf8
{[%clk 0:24:28]} 33. fxg6 {[%clk 1:07:17]} 33... Rec8 {[%clk 0:23:15]} 34. Qf2+
{[%clk 1:06:38]} 34... Ke8 {[%clk 0:22:52]} 35. Nf5 {[%clk 1:06:58]} 35... Qf8
{[%clk 0:22:31]} 36. g7 {[%clk 1:07:22]} 1-0

[Event "DEM U14 2018"]
[Site "Willingen GER"]
[Date "2018.05.20"]
[Round "1"]
[White "Khachatryan, Taron"]
[Black "Musiolik, David"]
[Result "0-1"]
[Termination "normal"]
[Board "16"]
[WhiteElo "1745"]
[BlackElo "2089"]
[PlyCount "110"]
[WhiteFideId "16216598"]
[BlackFideId "12972355"]
[EventCountry "GER"]
[EventRounds "9"]
[EventType "swiss"]
[EventDate "2018.05.19"]

1. Nf3 Nf6 2. g3 d5 3. Bg2 e6 4. d4 Be7 5. O-O O-O 6. Nbd2 c5 7. e3 Nc6 8. b3
cxd4 9. exd4 b5 10. Bb2 Ba6 11. Re1 Rc8 12. Bf1 Qb6 13. a3 Na5 14. Ne5 Nc6 15.
Nef3 Rc7 16. Bd3 Ne8 17. Qe2 Bf6 18. c3 Nd6 19. Ne5 Bc8 20. f4 a5 21. Ndf3 a4
22. bxa4 bxa4 23. Rab1 Na5 24. Qc2 Nb3 25. Bxh7+ Kh8 26. Bd3 Nf5 27. Bxf5 exf5
28. Qg2 Kg8 29. Nd2 Be6 30. Ba1 Rb8 31. Nxb3 axb3 32. Nd3 Qa5 33. Nb4 Qxa3 34.
Bb2 Bxd4+ 35. Kh1 Qa8 36. Ra1 Ra7 37. Rxa7 Bxa7 38. Ra1 Qb7 39. Na6 Rc8 40. Nb4
Bb8 41. Rd1 Rd8 42. h3 Ba7 43. Kh2 Qb6 44. Ra1 Rd7 45. Nd3 Qe3 46. Ne5 Rd8 47.
Rd1 d4 48. c4 Bxc4 49. Rc1 d3 50. Rxc4 d2 51. Rc7 Qg1+ 52. Qxg1 Bxg1+ 53. Kxg1
d1=Q+ 54. Kg2 Qe2+ 55. Kh1 Qxb2 0-1

[Event "DEM U14 2018"]
[Site "Willingen GER"]
[Date "2018.05.20"]
[Round "1"]
[White "Post, Hugo"]
[Black "Block, Timo"]
[Result "1-0"]
[Termination "normal"]
[Board "17"]
[WhiteElo "1983"]
[BlackElo "1769"]
[PlyCount "95"]
[WhiteFideId "12962490"]
[BlackFideId "16201116"]
[EventCountry "GER"]
[EventRounds "9"]
[EventType "swiss"]
[EventDate "2018.05.19"]

1. e4 e6 2. d4 d5 3. Nd2 Nf6 4. e5 Nfd7 5. Bd3 c5 6. c3 Nc6 7. Ne2 cxd4 8. cxd4
f6 9. exf6 Nxf6 10. O-O Bd6 11. Nf3 Qc7 12. Nc3 a6 13. Bd2 O-O 14. h3 e5 15.
Qb3 Be6 16. Ng5 Bf7 17. dxe5 Nxe5 18. Nxf7 Qxf7 19. Be2 Rad8 20. Bg5 d4 21.
Qxf7+ Nxf7 22. Bxf6 gxf6 23. Ne4 Be7 24. Rad1 Ne5 25. b3 d3 26. Bh5 f5 27. Nd2
b5 28. Rfe1 Bd6 29. Kf1 Nc6 30. Nf3 Bb4 31. Re3 d2 32. Ng5 Nd4 33. Rg3 Kh8 34.
Nf7+ Rxf7 35. Bxf7 Rf8 36. Bh5 f4 37. Rd3 Nf5 38. a3 Ba5 39. b4 Bb6 40. Bf3 Rf7
41. R3xd2 Kg7 42. Rd7 h6 43. Rxf7+ Kxf7 44. Bb7 a5 45. bxa5 Bxa5 46. Rd5 Ke6
47. Rxb5 Bc7 48. Bc8+ 1-0

[Event "DEM U14 2018"]
[Site "Willingen GER"]
[Date "2018.05.20"]
[Round "1"]
[White "Bornholdt, Joa Max"]
[Black "Lutz, Ruben"]
[Result "1/2-1/2"]
[Termination "normal"]
[Board "18"]
[WhiteElo "1672"]
[BlackElo "1940"]
[PlyCount "69"]
[WhiteFideId "16253477"]
[BlackFideId "12975974"]
[EventCountry "GER"]
[EventRounds "9"]
[EventType "swiss"]
[EventDate "2018.05.19"]

1. d4 d5 2. c4 e6 3. cxd5 exd5 4. Nc3 Nf6 5. Bg5 Be7 6. e3 O-O 7. Bd3 Nbd7 8.
Nge2 c6 9. O-O Re8 10. Qc2 h6 11. Bf4 Nf8 12. Rae1 Be6 13. f3 Rc8 14. Qb1 a6
15. e4 dxe4 16. fxe4 Qa5 17. Bd2 Rcd8 18. Qc2 Qb6 19. Na4 Qc7 20. d5 Bd7 21.
Bf4 Bd6 22. Bxd6 Qxd6 23. Nc5 cxd5 24. exd5 Qxd5 25. Rd1 Qe5 26. Nxb7 Ng4 27.
Ng3 Rc8 28. Qd2 Qe3+ 29. Kh1 Qxd2 30. Rxd2 Rc6 31. Be4 Rb6 32. Nd6 Re7 33. Ngf5
Bxf5 34. Bxf5 Ne3 35. Rc1 1/2-1/2

[Event "DEM U14 2018"]
[Site "Willingen GER"]
[Date "2018.05.20"]
[Round "1"]
[White "Yi, Danny"]
[Black "Kanzow, Alexander"]
[Result "1-0"]
[Termination "normal"]
[Board "19"]
[WhiteElo "2074"]
[BlackElo "1631"]
[PlyCount "73"]
[WhiteFideId "12988588"]
[BlackFideId "16225414"]
[EventCountry "GER"]
[EventRounds "9"]
[EventType "swiss"]
[EventDate "2018.05.19"]

1. e4 e5 2. Nf3 Nc6 3. Bc4 Nf6 4. d3 d5 5. exd5 Nxd5 6. O-O Bc5 7. Re1 O-O 8.
Nbd2 f6 9. Ne4 Bb6 10. Nc3 Be6 11. d4 Nxd4 12. Nxd4 Bxd4 13. Bxd5 Bxd5 14. Nxd5
Qxd5 15. c3 c5 16. cxd4 cxd4 17. Qb3 Qxb3 18. axb3 Rfc8 19. f4 Rc5 20. fxe5
fxe5 21. b4 Rd5 22. Bd2 h6 23. Rac1 Re8 24. Re4 Kf7 25. Kf2 Rd7 26. Rc5 Kf6 27.
Ke2 Ree7 28. Kd3 b6 29. Rc1 Rc7 30. Rf1+ Ke6 31. Bf4 Kd5 32. Rfe1 Rcd7 33.
Rxe5+ Rxe5 34. Rxe5+ Kc6 35. b5+ Kb7 36. Ke4 d3 37. Rd5 1-0

[Event "DEM U14 2018"]
[Site "Willingen GER"]
[Date "2018.05.20"]
[Round "1"]
[White "Morgenstern, Tobias"]
[Black "Fromm, Marius"]
[Result "1-0"]
[Termination "normal"]
[Board "20"]
[WhiteElo "1730"]
[BlackElo "2014"]
[PlyCount "55"]
[WhiteFideId "12974390"]
[BlackFideId "12993190"]
[EventCountry "GER"]
[EventRounds "9"]
[EventType "swiss"]
[EventDate "2018.05.19"]

1. e4 e6 2. d4 d5 3. Nd2 c5 4. exd5 Qxd5 5. Ngf3 cxd4 6. Bc4 Qd6 7. O-O Nf6 8.
Re1 Nc6 9. Nb3 a6 10. Nbxd4 Nxd4 11. Nxd4 Qc7 12. Bd3 Bd6 13. h3 O-O 14. Bg5
Nd5 15. Qh5 g6 16. Qh6 Bh2+ 17. Kh1 Be5 18. Qh4 Bg7 19. Bh6 Bxh6 20. Qxh6 Qb6
21. Re4 Qxb2 22. Rae1 Nf6 23. Rh4 Rd8 24. Qg5 Rxd4 25. Qxf6 Rb4 26. Qd8+ Kg7
27. c4 Qf6 28. Rxh7+ 1-0

[Event "DEM U14 2018"]
[Site "Willingen GER"]
[Date "2018.05.20"]
[Round "1"]
[White "Wu, Luka"]
[Black "Jeschke, Jan"]
[Result "1-0"]
[Termination "normal"]
[Board "21"]
[WhiteElo "1953"]
[BlackElo "1356"]
[PlyCount "55"]
[WhiteFideId "12977420"]
[BlackFideId "16225430"]
[EventCountry "GER"]
[EventRounds "9"]
[EventType "swiss"]
[EventDate "2018.05.19"]

1. e4 e6 2. d4 d5 3. Nc3 Bb4 4. e5 c5 5. a3 Bxc3+ 6. bxc3 Ne7 7. h4 Nbc6 8. Nf3
Bd7 9. Bd3 Qa5 10. Bd2 Qa4 11. dxc5 h6 12. Qe2 Na5 13. Nd4 Nc4 14. Bxc4 dxc4
15. O-O Rc8 16. Rfb1 Rxc5 17. Rxb7 O-O 18. Rab1 Nd5 19. Qg4 Kh7 20. Qe4+ Kh8
21. g4 f6 22. exf6 Nxf6 23. Qg6 Rg8 24. Bxh6 gxh6 25. Qxf6+ Kh7 26. R1b4 Rxg4+
27. Kh2 Rxd4 28. Rxa4 1-0

[Event "DEM U14 2018"]
[Site "Willingen GER"]
[Date "2018.05.20"]
[Round "1"]
[White "Reimer, Philip"]
[Black "Astner, Sebastian"]
[Result "1-0"]
[Termination "normal"]
[Board "22"]
[WhiteElo "1580"]
[BlackElo "1860"]
[PlyCount "51"]
[WhiteFideId "16235860"]
[BlackFideId "12979422"]
[EventCountry "GER"]
[EventRounds "9"]
[EventType "swiss"]
[EventDate "2018.05.19"]

1. e4 b6 2. d4 Bb7 3. Nc3 e6 4. Nf3 Bb4 5. Bd3 Nf6 6. Qe2 d5 7. e5 Nfd7 8. O-O
c5 9. Qe3 Nc6 10. Nb5 cxd4 11. Nbxd4 Bc5 12. c3 Rc8 13. Bd2 h6 14. Qe2 Qe7 15.
Nxc6 Bxc6 16. b4 d4 17. bxc5 Bxf3 18. Qxf3 Nxe5 19. Qe4 Nxd3 20. Qxd3 bxc5 21.
cxd4 Rd8 22. Ba5 Rxd4 23. Qb5+ Kf8 24. Qb8+ Qe8 25. Qxa7 Qc8 26. Rab1 1-0

[Event "DEM U14 2018"]
[Site "Willingen GER"]
[Date "2018.05.20"]
[Round "1"]
[White "Pahl, Erik"]
[Black "Silini, Jalel"]
[Result "1-0"]
[Termination "normal"]
[Board "23"]
[WhiteElo "2053"]
[BlackElo "1731"]
[PlyCount "55"]
[WhiteFideId "16201272"]
[BlackFideId "16215397"]
[EventCountry "GER"]
[EventRounds "9"]
[EventType "swiss"]
[EventDate "2018.05.19"]

1. e4 e5 2. Nf3 Nc6 3. Bb5 a6 4. Ba4 b5 5. Bb3 Bc5 6. c3 Nf6 7. d4 exd4 8. e5
Ng8 9. O-O Nge7 10. cxd4 Bb6 11. Ng5 Rf8 12. Nxh7 Rh8 13. Ng5 Rf8 14. Qh5 Ng6
15. Bxf7+ Rxf7 16. Qxg6 Qe7 17. Qxf7+ Qxf7 18. Nxf7 Kxf7 19. Be3 Nxd4 20. Na3
Bb7 21. Rad1 c5 22. Bxd4 cxd4 23. Nc2 Re8 24. Rfe1 Rc8 25. Nxd4 Rc4 26. Nxb5
Bc6 27. Nd6+ Ke6 28. Nxc4 1-0